JOHOR, KEDAH & KELANTAN / (Record no. 173048)
[ view plain ]
| 000 -LEADER | |
|---|---|
| fixed length control field | 01181nam a22003377i 4500 |
| 005 - DATE AND TIME OF LATEST TRANSACTION | |
| control field | 20190613124436.0 |
| 008 - FIXED-LENGTH DATA ELEMENTS--GENERAL INFORMATION | |
| fixed length control field | 190613t20192019my bo j 000 0 may d |
| 020 ## - INTERNATIONAL STANDARD BOOK NUMBER | |
| International Standard Book Number | 9789670768502 |
| Qualifying information | set |
| Terms of availability | RM299.00 |
| International Standard Book Number | 9789670768519 |
| Qualifying information | paperback |
| Terms of availability | RM59.80 |
| 040 ## - CATALOGING SOURCE | |
| Original cataloging agency | PPAK |
| Language of cataloging | eng |
| Transcribing agency | PPAK |
| Description conventions | rda |
| 082 04 - DEWEY DECIMAL CLASSIFICATION NUMBER | |
| Classification number | 959.5 |
| Edition number | 23 |
| 090 00 - LOCALLY ASSIGNED LC-TYPE CALL NUMBER (OCLC); LOCAL CALL NUMBER (RLIN) | |
| Classification number (OCLC) (R) ; Classification number, CALL (RLIN) (NR) | 959.5 |
| Feature heading | MAR |
| Feature heading | K |
| Classification number (OCLC) (R) ; Classification number, CALL (RLIN) (NR) | 959.5 |
| Feature heading | MAR |
| Feature heading | KK |
| 100 0# - MAIN ENTRY--PERSONAL NAME | |
| Personal name | Mariah Ahmad, |
| Relator term | author. |
| 245 10 - TITLE STATEMENT | |
| Title | JOHOR, KEDAH & KELANTAN / |
| Statement of responsibility, etc. | MARIAH AHMAD |
| 246 3# - VARYING FORM OF TITLE | |
| Title proper/short title | Johor, Kedah dan Kelantan |
| 264 #1 - PRODUCTION, PUBLICATION, DISTRIBUTION, MANUFACTURE, AND COPYRIGHT NOTICE | |
| Place of production, publication, distribution, manufacture | Seremban, Negeri Sembilan : |
| Name of producer, publisher, distributor, manufacturer | GOODWILL PUBLICATIONS, |
| Date of production, publication, distribution, manufacture, or copyright notice | 2019 |
| Date of production, publication, distribution, manufacture, or copyright notice | ©2019 |
| 300 ## - PHYSICAL DESCRIPTION | |
| Extent | iv, 94 pages : |
| Other physical details | colour maps, chiefly colour photographs ; |
| Dimensions | 26 cm |
| 336 ## - CONTENT TYPE | |
| Source | rdacontent |
| Content type term | text |
| 337 ## - MEDIA TYPE | |
| Source | rdamedia |
| Media type term | unmediated |
| 338 ## - CARRIER TYPE | |
| Source | rdacarrier |
| Carrier type term | volume |
| 490 1# - SERIES STATEMENT | |
| Series statement | SIRI INFO ASAS NEGERI MALAYSIA |
| 504 ## - BIBLIOGRAPHY, ETC. NOTE | |
| Linkage | Bibliography: page 94 |
| 651 #0 - SUBJECT ADDED ENTRY--GEOGRAPHIC NAME | |
| Geographic name | Malaysia |
| General subdivision | Social life and customs |
| Form subdivision | Juvenile literature |
| Geographic name | Johor (Malaysia) |
| General subdivision | Social life and customs |
| Geographic name | Kedah (Malaysia) |
| General subdivision | Social life and customs |
| Geographic name | Kelantan (Malaysia) |
| General subdivision | Social life and customs |
| 830 #0 - SERIES ADDED ENTRY--UNIFORM TITLE | |
| Uniform title | Siri info asas negeri Malaysia |
| 942 ## - ADDED ENTRY ELEMENTS (KOHA) | |
| Source of classification or shelving scheme | Dewey Decimal Classification |
| Koha item type | Book |
| Withdrawn | Not for loan | Current library | Shelving location | Date acquired | Full call number | Barcode | Date last seen | Koha item type | Total Checkouts | Date last checked out | Total Renewals |
|---|---|---|---|---|---|---|---|---|---|---|---|
| Not For Loan | Perpustakaan Alor Setar | Koleksi Kedah | 18/06/2019 | KK 959.5 MAR | A01605889 | 18/06/2019 | Book | ||||
| Perpustakaan Alor Setar | Pinjaman Kanak-kanak | 18/06/2019 | K 959.5 MAR | A01605890 | 21/11/2019 | Book | 1 | 02/11/2019 | |||
| Perpustakaan Awam Sungai Petani | Pinjaman Kanak-kanak | 18/06/2019 | K 959.5 MAR | A01605891 | 15/03/2025 | Book | 12 | 08/03/2025 | 2 | ||
| Perpustakaan Jitra | Pinjaman Kanak-kanak | 18/06/2019 | K 959.5 MAR | A01605892 | 08/10/2025 | Book | 2 | 22/09/2025 | 1 | ||
| Perpustakaan Langkawi | Pinjaman Kanak-kanak | 18/06/2019 | K 959.5 MAR | A01605893 | 18/06/2019 | Book |